Accounts of Chemical Research
| Materyal Türü: | Dergi |
|---|---|
| Dil: | English |
| Baskı/Yayın Bilgisi: |
American Chemical Society
|
| Konular: | |
| Online Erişim: | 1996-present |
| LEADER | 00362cas a2200133 a 4500 | ||
|---|---|---|---|
| 008 | 101110c20009999enkkr pss 0 1eng | ||
| 022 | 0 | |a 1520-4898 | |
| 245 | 0 | 0 | |a Accounts of Chemical Research |
| 260 | |a American Chemical Society | ||
| 310 | |a 12 | ||
| 362 | 0 | |a 1996-present | |
| 650 | 0 | |a Chemistry | |
| 856 | 4 | |u http://pubs.acs.org/journal/achre4 |z 1996-present | |
| 999 | |c 10078 |d 10078 | ||